LEADER 01572nam a2200313 u 4500 001 000000017267 003 CaOOAMICUS 005 20070226110103.0 008 940513s1987 gw u000 u lat u 020 $a3886120201 035 $a10404522 040 $aPUL(R)$bita 245 00$aArengenverzeichnis zu den Königs- und Kaiserkunden von den Merowingern bis Heinrich VI. /$czusammengestellt von Friedrich Hausmann und Alfred Gawlik. 260 $aMünchen :$bMonumenta Germaniae Historica,$c1987. 300 $axii, 838 p. ;$c21 cm 490 1 $aMonumenta Germaniae historica.$aHilfsmittel ; ;$v9 650 4$aDiplomatica tedesca.$0(OLS)http://pul/subject/12145 650 4$aDiplomatica$xDizionari, indici, ecc.$0(OLS)http://pul/subject/12146 650 4$aFormule e formulari (diplomatica).$0(OLS)http://pul/subject/12147 700 1 $aGawlik, Alfred.$0(OLS)http://pul/name/13400 700 1 $aHausmann, Friedrich,$d1917-$0(OLS)http://pul/name/11155 830 0$aMonumenta Germaniae historica.$pHilfsmittel,$x0343-1266 ;$v9.$0(OLS)http://pul/title/10596 850 $aPUL 852 $aPUL$W1$xSL Cons. Gen., Altre Classi 1$y1$m2017 F 5.9$j118759$nBK-PRI$qStampati$B24335$CPULBib$Z2$F24335 $H59194 $82 941 1 $a8 961 $aINV: 59194 996 $6020$a3886120201$9(OLS)http://pul/number/22210 996 $6245$aArengenverzeichnis zu den Königs- und Kaiserkunden von den Merowingern bis Heinrich VI.$9(OLS)http://pul/title/24711 996 $6260$aMünchen :$bMonumenta Germaniae Historica$9(OLS)http://pul/publisher/47849 LEADER 01268nam a2200265 a 4500 001 000000176405 003 CaOOAMICUS 005 20231221161614.0 008 231221s2022 it frm z000 u spa r 032 $aLibriCat 040 $aPUL$bita 100 1 $aVargas Gómez, Juan Darío ,$d1984-$0(OLS)http://pul/name/113346 245 10$aBúsqueda de Dios y "diálogo de la salvación" :$buna lectura creyente del magisterio de la Iglesia / $cJuan Darío Vargas Gómez. 260 $aRoma :$b[s.n.],$c2022. 300 $a113 p. ;$c24 cm 502 $aEstratto della Tesi di Dottorato -- Pontificia Università Gregoriana -- Istituto di Spiritualità, 2022. 504 $aBibliografia: p. [95]-109. 650 4$aTeologia spirituale.$0(OLS)http://pul/subject/41013 710 2 $aPontificia Università Gregoriana.$bIstituto di spiritualità$kTesi.$0(OLS)http://pul/name/40854 850 $aPUL 852 $aPUL$W1$xDP1 Tesi Pon. Univ. Gregoriana$y40$m2022 B 39$j200471$qTesi$B205346$CPULBib$Z2$F205346 $82 941 1 $a16 996 $6245$aBúsqueda de Dios y "diálogo de la salvación" :$buna lectura creyente del magisterio de la Iglesia / $9(OLS)http://pul/title/217896 996 $6260$aRoma :$b[s.n.]$9(OLS)http://pul/publisher/47958